[Event "11th European Senior"]
[Site "Courmayeur ITA"]
[Date "2011.04.08"]
[Round "3.28"]
[White "Topaloglu, Hayati"]
[Black "Antonelli, Fabrizio"]
[Result "0-1"]
[WhiteElo "1881"]
[BlackElo "2100"]
[WhiteFideId "6310338"]
[BlackFideId "815101"]
[EventDate "2011.04.06"]

1. e4 e5 2. Nf3 Nc6 3. Bb5 a6 4. Ba4 b5 5. Bb3 Na5 6. c3 Nxb3 7. Qxb3 d6 8. a4
Be6 9. Qc2 c5 10. O-O Nf6 11. axb5 axb5 12. Rxa8 Qxa8 13. d4 exd4 14. cxd4 Qxe4
15. Qxe4 Nxe4 16. Re1 d5 17. dxc5 Bxc5 18. Be3 O-O 19. Bxc5 Nxc5 20. Nd4 b4 21.
Nd2 Ra8 22. b3 Ra2 23. Rd1 h6 24. Kf1 Bc8 25. Ke2 Kf8 26. Ke3 Bd7 27. Rc1 Ne6
28. Nc2 d4+ 29. Kd3 Bb5+ 30. Nc4 Nc5+ 0-1

[Event "11th European Senior"]
[Site "Courmayeur ITA"]
[Date "2011.04.08"]
[Round "3.29"]
[White "Papa, Angelo"]
[Black "Muratoglu, Salih"]
[Result "0-1"]
[WhiteElo "1866"]
[BlackElo "2076"]
[WhiteFideId "812285"]
[BlackFideId "6300570"]
[EventDate "2011.04.06"]

1. d4 Nf6 2. Nf3 g6 3. Nc3 Bg7 4. e4 d6 5. Be3 Nc6 6. Qd2 Ng4 7. Bg5 h6 8. Bh4
O-O 9. O-O-O a6 10. h3 Nf6 11. g4 b5 12. g5 hxg5 13. Nxg5 Nh5 14. d5 Nd4 15. Be2
Nxe2+ 16. Nxe2 f6 17. Nf3 Kh7 18. Kb1 e6 19. Nfd4 Bh6 20. Qc3 exd5 21. exd5 Bd7
22. Bg3 Re8 23. Qf3 f5 24. Nf4 Ng7 25. h4 Qf6 26. h5 g5 27. Ng6 Re4 28. Qc3 Rc8
29. f3 Ree8 30. Nxb5 Qxc3 31. Nxc3 Re3 32. Rd3 Rxd3 33. cxd3 Nxh5 34. Rxh5 Kxg6
35. Rh1 Bg7 36. Re1 Re8 37. Kc2 Bf6 38. Kb3 Rb8+ 39. Kc2 Rh8 40. d4 Rh3 41. Rg1
Bxd4 0-1

[Event "11th European Senior"]
[Site "Courmayeur ITA"]
[Date "2011.04.08"]
[Round "3.30"]
[White "Bayer, Wolfgang"]
[Black "Smits, Oswald"]
[Result "1-0"]
[WhiteElo "2073"]
[BlackElo "1870"]
[WhiteFideId "24629251"]
[BlackFideId "24619892"]
[EventDate "2011.04.06"]

1. c4 Nf6 2. Nc3 e6 3. e4 Nc6 4. d4 d6 5. f4 h6 6. Nf3 b6 7. Bd3 Nd7 8. a3 Bb7
9. Be3 Ne7 10. O-O Ng8 11. Rc1 a6 12. Qe1 g6 13. e5 Bg7 14. Rd1 c6 15. d5 Nf8
16. Qg3 exd5 17. cxd5 c5 18. e6 f5 19. h4 Nf6 20. Bc2 b5 21. Rfe1 Ng4 22. h5
gxh5 23. Bxf5 Rg8 24. Qh3 Nf6 25. Ne4 Qc7 26. Nxf6+ Bxf6 27. Qxh5+ Kd8 28. e7+
Bxe7 29. Bf2 Rg7 30. Bh4 Bc8 31. Rxe7 Rxe7 32. Qf7 Ne6 33. dxe6 1-0

[Event "11th European Senior"]
[Site "Courmayeur ITA"]
[Date "2011.04.08"]
[Round "3.31"]
[White "Chireykina, Natalia"]
[Black "Belokopyt, Boris"]
[Result "1-0"]
[WhiteElo "1831"]
[BlackElo "2066"]
[WhiteFideId "24132136"]
[BlackFideId "4152530"]
[EventDate "2011.04.06"]

1. e4 d6 2. d4 g6 3. Be3 Bg7 4. Nf3 Nf6 5. Nc3 O-O 6. Be2 Ng4 7. Bg5 Nc6 8. h3
Nf6 9. Qd2 Re8 10. O-O d5 11. exd5 Nxd5 12. Nxd5 Qxd5 13. c4 Qa5 14. Qxa5 Nxa5
15. Rad1 Nc6 16. Bf4 e5 17. dxe5 Nxe5 18. Bxe5 Bxe5 19. Nxe5 Rxe5 20. Rd8+ Kg7
21. Bg4 f5 22. Bf3 c6 23. Rfd1 h5 24. R1d6 Rc5 25. Re8 Rxc4 26. Rdd8 Rc1+ 27.
Kh2 Rc2 28. Rxc8 Rxc8 29. Rxc8 Rxb2 30. Rb8 Rb6 31. Kg3 a5 32. Ra8 Rb5 33. Rd8
Kf6 34. Rd6+ Kf7 35. Be2 Rb4 36. Bd1 h4+ 37. Kf3 g5 38. Bb3+ Kg7 39. Rd7+ Kg6
40. Bc2 Kf6 41. Rd6+ Ke5 42. Rg6 Rc4 43. Bb3 Rc3+ 44. Ke2 Kf4 45. Rd6 b5 46. Kd2
Rc5 47. Rd3 g4 48. hxg4 fxg4 49. Rd4+ Kf5 50. Bd1 Rd5 51. Ke3 h3 52. g3 1-0

[Event "11th European Senior"]
[Site "Courmayeur ITA"]
[Date "2011.04.08"]
[Round "3.32"]
[White "Squarci, Franco"]
[Black "Gardi, Giuseppe"]
[Result "0-1"]
[WhiteElo "1777"]
[BlackElo "2061"]
[WhiteFideId "809110"]
[BlackFideId "811211"]
[EventDate "2011.04.06"]

1. Nf3 g6 2. d4 Bg7 3. e4 d6 4. Be2 Nf6 5. Nbd2 O-O 6. O-O Nc6 7. c3 e5 8. d5
Ne7 9. h3 Nh5 10. Nh2 Nf4 11. Ndf3 f5 12. Bxf4 exf4 13. Bd3 fxe4 14. Bxe4 Nf5
15. Qd2 Nh6 16. Rfe1 Qf6 17. Re2 Bd7 18. a4 Rae8 19. Ra3 Re7 20. c4 b6 21. b3
Rfe8 22. Bd3 Rxe2 23. Bxe2 Qb2 24. Ra2 Qb1+ 25. Nf1 Qxb3 26. Ng5 Be5 27. Ne6 Bc3
28. Qxf4 Qxa2 29. Qxh6 Qxe2 30. Qc1 Bb2 31. Qg5 Bxe6 32. dxe6 Qxe6 33. Ne3 Bc1 0-1

[Event "11th European Senior"]
[Site "Courmayeur ITA"]
[Date "2011.04.08"]
[Round "3.33"]
[White "Capece, Adolivio"]
[Black "Ortega Morales, Pedro"]
[Result "1-0"]
[WhiteElo "2049"]
[BlackElo "1848"]
[WhiteFideId "807664"]
[BlackFideId "2253429"]
[EventDate "2011.04.06"]

1. c4 e5 2. Nc3 Nf6 3. g3 Nc6 4. Bg2 Bc5 5. e3 d6 6. Nge2 O-O 7. d4 Bb4 8. O-O
Bxc3 9. Nxc3 Rb8 10. d5 Ne7 11. e4 h6 12. b4 Bd7 13. a4 Qc8 14. Be3 a6 15. f3
Ne8 16. Rc1 f5 17. c5 Qd8 18. b5 axb5 19. axb5 dxc5 20. Bxc5 Ra8 21. Qb3 Kh8 22.
Ra1 Rxa1 23. Rxa1 Nd6 24. Qb4 Rf6 25. b6 Nec8 26. Ra8 Kh7 27. Rb8 Ne8 28. bxc7
Nxc7 29. Rxb7 Na6 30. Qa3 Nxc5 31. Qxc5 Nd6 32. Ra7 fxe4 33. Nxe4 Nxe4 34. fxe4
Be8 35. Qc7 Qxc7 36. Rxc7 Rd6 37. Re7 Bb5 38. Bf1 Ba4 39. Rxe5 Bb3 40. Bh3 Kg6
41. Re6+ Rxe6 42. Bxe6 Kf6 43. Kf2 Ke5 44. Ke3 Bc2 45. Bf5 Bb1 46. Kd2 1-0

[Event "11th European Senior"]
[Site "Courmayeur ITA"]
[Date "2011.04.08"]
[Round "3.36"]
[White "Levinsky, Gregory"]
[Black "Benito Alba, Eladio"]
[Result "1-0"]
[WhiteElo "2026"]
[BlackElo "1775"]
[WhiteFideId "2805561"]
[BlackFideId "2225050"]
[EventDate "2011.04.06"]

1. e4 c6 2. d4 d5 3. e5 Bf5 4. h4 h5 5. c4 e6 6. Nc3 Nd7 7. a3 a5 8. Nge2 Ne7 9.
Bg5 Qc7 10. Ng3 Bg6 11. Rc1 Qb8 12. Be2 dxc4 13. Bxc4 b5 14. Be2 b4 15. Nce4 Nd5
16. a4 Bxe4 17. Nxe4 Qb6 18. Bxh5 g6 19. Be2 c5 20. dxc5 Nxc5 21. Nxc5 Bxc5 22.
Bb5+ Kf8 23. O-O Ne7 24. Bf6 Rh7 25. Qf3 Nd5 26. Bc4 Rc8 27. Bg5 Rh5 28. Rfd1
Kg8 29. Bxd5 exd5 30. Be3 Rxe5 31. Bd4 Rf5 32. Qe3 1-0

[Event "11th European Senior"]
[Site "Courmayeur ITA"]
[Date "2011.04.08"]
[Round "3.37"]
[White "Carboni, Giancarlo"]
[Black "Ivanov, Michail"]
[Result "1/2-1/2"]
[WhiteElo "1827"]
[BlackElo "1935"]
[WhiteFideId "843903"]
[BlackFideId "4145224"]
[EventDate "2011.04.06"]

1. c4 e5 2. Nc3 Nc6 3. g3 Nf6 4. Bg2 d6 5. d3 Be7 6. Nf3 Bd7 7. O-O O-O 8. h3
Rb8 9. Rb1 a6 10. b4 Qc8 11. Kh2 Nd8 12. a4 Ne6 13. b5 b6 14. Be3 a5 15. Rc1 Ne8
16. d4 exd4 17. Nxd4 Nxd4 18. Bxd4 Bf6 19. Nd5 Bxd4 20. Qxd4 Be6 21. f4 Bxd5 22.
cxd5 Qd7 23. e4 f6 24. Qc4 Qe7 25. Rf2 g6 26. Re2 Kh8 27. Rce1 Qg7 28. e5 Rf7
29. e6 Re7 30. Qc3 f5 1/2-1/2

[Event "11th European Senior"]
[Site "Courmayeur ITA"]
[Date "2011.04.08"]
[Round "3.39"]
[White "Hlinschi, Mihai"]
[Black "Norman, Dinah M"]
[Result "1/2-1/2"]
[BlackTitle "WCM"]
[WhiteElo "1702"]
[BlackElo "1924"]
[WhiteFideId "1206800"]
[BlackFideId "402621"]
[EventDate "2011.04.06"]

1. e4 c6 2. d4 d5 3. Nc3 dxe4 4. Nxe4 Nd7 5. Bd3 Ngf6 6. Nf3 Nxe4 7. Bxe4 Nf6 8.
Bd3 Bg4 9. c3 e6 10. Be3 Be7 11. h3 Bh5 12. Qb3 Bxf3 13. gxf3 Qc7 14. O-O-O Nd5
15. c4 Nxe3 16. fxe3 O-O-O 17. f4 g6 18. h4 h5 19. Be4 Bf6 20. Rh3 Kb8 21. Kb1
Rhe8 22. Bf3 Ka8 23. Qc2 Qe7 24. Rdh1 Qb4 25. a3 Qa5 26. Rd1 Qc7 27. b4 Rd7 28.
Ka2 Red8 29. Kb3 Be7 30. a4 Kb8 31. c5 Rc8 32. Rc1 Qd8 33. Qf2 Bf6 34. Rc4 a6
35. Kc3 Qc7 36. Rh1 Qd8 37. e4 Be7 38. Qg3 Ka7 39. f5 exf5 40. exf5 Bf6 41. Qf4
Qc7 42. Qxc7 Rcxc7 43. Be4 Re7 44. Kd3 gxf5 45. Bxf5 Re8 46. Be4 Rce7 47. Bf5
Re3+ 48. Kc2 Rf3 49. Bd3 Ree3 50. Rd1 Rh3 51. b5 cxb5 52. axb5 Rxh4 53. b6+ Kb8
54. Rf1 Rxd4 55. Rxf6 Rexd3 56. Rxf7 Rd8 57. Rf5 Rh3 58. Re4 Rc8 59. Rfe5 h4 60.
Rh5 Rh2+ 61. Kb1 Rg8 62. Rg5 Rf8 1/2-1/2

[Event "11th European Senior"]
[Site "Courmayeur ITA"]
[Date "2011.04.08"]
[Round "3.41"]
[White "Guillaumat, Jean-Pierre"]
[Black "Centofante, Maria Rosa"]
[Result "1-0"]
[WhiteElo "1890"]
[BlackElo "1619"]
[WhiteFideId "620823"]
[BlackFideId "834807"]
[EventDate "2011.04.06"]

1. d4 Nf6 2. Nf3 c6 3. c4 d5 4. Nc3 Bg4 5. Ne5 dxc4 6. Nxg4 Nxg4 7. e3 Nf6 8.
Bxc4 e6 9. O-O Nbd7 10. e4 Nb6 11. Bb3 Be7 12. Be3 O-O 13. Qf3 Qc7 14. Bf4 Qd7
15. Rad1 Rad8 16. Rfe1 Qc8 17. h3 Rd7 18. a4 Rfd8 19. Be3 Bb4 20. e5 Nfd5 21.
Bg5 Be7 22. Ne4 Bxg5 23. Nxg5 h6 24. Ne4 Qb8 25. Qg4 Kh8 26. Nc5 Re7 27. Bc2 Rg8
28. Rd3 Qf8 29. Rg3 Nd7 30. Nxd7 Rxd7 31. Qe4 f5 32. exf6 Nxf6 33. Qxe6 Rxd4 34.
Rf3 Qd6 35. Qf7 Rf8 36. Qg6 Rf4 37. Rd1 Qe5 38. Rxf4 Qxf4 39. Rd7 Qc1+ 40. Kh2
Qf4+ 41. Kg1 Qc1+ 42. Rd1 Qxb2 43. Rb1 Qe5 44. Rxb7 Qe1+ 45. Kh2 Qe5+ 46. g3 Qg5
47. Qxg5 hxg5 48. Rxa7 Nd5 49. Kg2 Nb4 50. Bg6 Rb8 51. Rc7 Kg8 52. a5 Nd5 53.
Rxc6 Ne7 54. Rb6 Rxb6 55. axb6 Nc6 56. b7 Kf8 57. Be4 Nb8 58. Kf3 Ke7 59. Kg4
Kf6 60. Bg2 g6 61. Bf1 Nd7 62. Kf3 Ne5+ 63. Ke4 Nc6 64. Bb5 Nb8 65. Kf3 Ke7 66.
Kg4 Kd6 67. Kxg5 Kc7 68. Kxg6 Kxb7 69. h4 Kb6 70. Be8 Na6 71. h5 Nc5 72. h6 Ne6
73. Bf7 1-0

[Event "11th European Senior"]
[Site "Courmayeur ITA"]
[Date "2011.04.08"]
[Round "3.42"]
[White "Deiana, Giacomo"]
[Black "Elfert, Aleksandr V."]
[Result "1/2-1/2"]
[BlackTitle "IM"]
[WhiteElo "1689"]
[BlackElo "2039"]
[WhiteFideId "843750"]
[BlackFideId "4121325"]
[EventDate "2011.04.06"]

1. Nf3 Nf6 2. g3 c5 3. c4 Nc6 4. Bg2 e5 5. d3 h6 6. Nc3 d6 7. O-O Bg4 8. h3 Be6
9. e4 Qd7 10. Kh2 g5 11. Nd5 Bg7 12. Qa4 O-O 13. b4 Bxd5 14. cxd5 Nxb4 15. Qxd7
Nxd7 16. Ne1 b5 17. a3 Na6 18. Rb1 Rab8 19. Bd2 Nc7 20. Nc2 Nb6 21. Ne3 Rfe8 22.
Nf5 Bf8 23. f4 f6 24. fxg5 hxg5 25. Bf3 Kh7 26. h4 gxh4 27. Nxh4 Bg7 28. Nf5 Nc8
29. Kg2 Rh8 30. Rh1+ Kg8 31. Bg4 Rxh1 32. Rxh1 b4 33. axb4 cxb4 34. Nxg7 Kxg7
35. Bxc8 Rxc8 36. Bxb4 Nb5 37. Ra1 Rc2+ 38. Kh3 Rb2 39. Be1 Kf7 40. Ra4 Re2 41.
Bb4 Rb2 42. Be1 Rb3 43. Rb4 Nd4 44. Rxb3 Nxb3 45. Bb4 Nc5 46. Kg2 Nb7 47. Kf3 a5
48. Bc3 a4 49. Bb4 1/2-1/2

[Event "11th European Senior"]
[Site "Courmayeur ITA"]
[Date "2011.04.08"]
[Round "3.43"]
[White "Weyand, Fernand"]
[Black "Gulinelli, Evro"]
[Result "0-1"]
[WhiteElo "1845"]
[BlackElo "1658"]
[WhiteFideId "638633"]
[BlackFideId "802069"]
[EventDate "2011.04.06"]

1. e4 c6 2. d4 d5 3. Nc3 dxe4 4. Nxe4 Nd7 5. Bc4 Ngf6 6. Ng5 e6 7. Qe2 Nb6 8.
Bd3 Bd6 9. N1f3 h6 10. Ne4 Nxe4 11. Bxe4 Qc7 12. Bd2 Nd7 13. c4 Nf6 14. Bd3 O-O
15. O-O Re8 16. Rfe1 b6 17. Ne5 Bb7 18. Rac1 c5 19. Bc3 cxd4 20. Bxd4 Red8 21.
Bc3 Bc5 22. b4 Bd4 23. Bxd4 Rxd4 24. c5 Rxb4 25. c6 Bc8 26. Bc4 a5 27. Qc2 Ba6
28. a3 Rxc4 29. Nxc4 Qxc6 30. Qb3 Rc8 31. Red1 Bxc4 32. Qc2 Bd5 33. Qd2 Qb7 34.
f3 Rxc1 35. Rxc1 Nd7 36. Qf4 e5 37. Qh4 Nf6 38. Qh3 Be6 39. Qg3 Nd7 40. f4 f6
41. fxe5 Nxe5 42. Qe3 a4 43. Qd4 Bd5 44. Qxa4 Bxg2 45. Qe8+ Kh7 46. Rc8 Bh3 47.
Qg8+ Kg6 48. Qe8+ Kg5 49. Rc2 Qe4 0-1

[Event "11th European Senior"]
[Site "Courmayeur ITA"]
[Date "2011.04.08"]
[Round "3.44"]
[White "Diaz Begonte, Manuel"]
[Black "Castiglioni, Nando"]
[Result "1-0"]
[WhiteElo "1778"]
[BlackElo "1651"]
[WhiteFideId "2262002"]
[BlackFideId "860174"]
[EventDate "2011.04.06"]

1. e4 g6 2. d4 Bg7 3. Nc3 c6 4. Be2 d5 5. e5 Nh6 6. h4 f6 7. h5 g5 8. f4 Nf5 9.
fxg5 fxe5 10. h6 Bf8 11. Bh5+ Kd7 12. Qg4 Kc7 13. dxe5 Nxh6 14. Qf4 Nf5 15. g4
d4 16. Ne4 Ng7 17. e6+ Kb6 18. c4 Nxe6 19. c5+ Nxc5 20. Nxc5 Kxc5 21. Bf7 Qd6
22. Qf3 Kb6 23. Qb3+ Kc7 24. Ne2 Bxg4 25. Bf4 e5 26. Bg3 Bg7 27. Rd1 Bxe2 28.
Kxe2 Nd7 29. Rh4 c5 30. Qc2 Rhf8 31. Rdxd4 Qa6+ 32. Bc4 Qg6 33. Qxg6 hxg6 34.
Rxd7+ Kxd7 35. Rh7 Kd6 36. Rxg7 Rf5 37. Rxg6+ 1-0

[Event "11th European Senior"]
[Site "Courmayeur ITA"]
[Date "2011.04.08"]
[Round "3.45"]
[White "Acunzo, Domenico"]
[Black "Pintauro, Antonello"]
[Result "1-0"]
[WhiteElo "1769"]
[BlackElo "1616"]
[WhiteFideId "825751"]
[BlackFideId "878685"]
[EventDate "2011.04.06"]

1. e4 e6 2. d4 d5 3. Nc3 dxe4 4. Nxe4 Nf6 5. Nxf6+ Qxf6 6. Bd3 Bd7 7. c3 c5 8.
Be3 cxd4 9. Bxd4 e5 10. Qe2 Nc6 11. Be3 Bd6 12. O-O-O Be6 13. Kb1 Qe7 14. Nf3 f6
15. Nd2 a5 16. Ne4 Bc7 17. Nc5 Qf7 18. Nxe6 Qxe6 19. Bc5 b6 20. Ba3 Rd8 21. Bb5
Qf5+ 22. Ka1 Qe6 23. Qe4 f5 24. Qxc6+ Qxc6 25. Bxc6+ Kf7 26. Kb1 e4 27. Kc2 Rxd1
28. Rxd1 Bxh2 29. g3 e3 30. fxe3 Bxg3 31. Rd7+ Kg6 32. Bd6 Bf2 33. Bf4 h5 34.
Rd6+ Kf7 35. Bg5 h4 36. Bd5+ 1-0

[Event "11th European Senior"]
[Site "Courmayeur ITA"]
[Date "2011.04.08"]
[Round "3.47"]
[White "Maestri, Roberto"]
[Black "Bonino, Silvano"]
[Result "1-0"]
[WhiteElo "1766"]
[BlackElo "1465"]
[WhiteFideId "871354"]
[BlackFideId "872660"]
[EventDate "2011.04.06"]

1. e4 e6 2. d4 d5 3. Nc3 Nf6 4. e5 Nfd7 5. Nf3 c5 6. Be3 a6 7. g3 Nc6 8. Bg2
cxd4 9. Bxd4 Nxd4 10. Qxd4 Bc5 11. Qg4 O-O 12. O-O-O Bxf2 13. h4 Be3+ 14. Kb1
Qc7 15. Rhe1 Bh6 16. Qd4 b5 17. g4 g6 18. h5 Qc5 19. hxg6 fxg6 20. Rh1 Bg7 21.
Rhe1 Qxd4 22. Rxd4 Bb7 23. a3 Rac8 24. g5 Rc4 25. Ne2 Nxe5 26. Nxe5 Bxe5 27.
Rxc4 bxc4 28. Nc1 Bf4 29. Rxe6 Bxg5 30. Re5 Bxc1 31. Kxc1 Rd8 32. Re7 Ba8 33.
Bxd5+ Rxd5 34. Re8+ Kf7 35. Rxa8 h5 36. Rc8 g5 37. Rc7+ Kf8 38. b4 cxb3 39. cxb3
g4 40. b4 Re5 1-0

[Event "11th European Senior"]
[Site "Courmayeur ITA"]
[Date "2011.04.08"]
[Round "3.48"]
[White "Cesati Cassin, Giorgio"]
[Black "Bardin, Christian"]
[Result "0-1"]
[WhiteElo "1595"]
[BlackElo "1765"]
[WhiteFideId "845990"]
[BlackFideId "638749"]
[EventDate "2011.04.06"]

1. e4 e5 2. Nf3 Nc6 3. Bb5 a6 4. Bxc6 dxc6 5. O-O Bd6 6. d4 Bg4 7. dxe5 Bxf3 8.
Qxf3 Bxe5 9. Nc3 Nf6 10. Rd1 Qe7 11. Bf4 O-O 12. Bxe5 Qxe5 13. Rd2 Rad8 14. Rad1
Rd6 15. Rd3 Rfd8 16. h3 h6 17. Qf5 Qxf5 18. exf5 Rxd3 19. cxd3 Nd5 20. a3 Ne7
21. g4 Nd5 22. Nxd5 Rxd5 23. b4 Kf8 24. Kf1 Ke7 25. d4 a5 26. f4 axb4 27. axb4
Rb5 28. Rb1 Kd6 29. Ke2 Kd5 30. Kd3 Rb6 31. Rb2 Ra6 32. Re2 Ra3+ 33. Kd2 Ra2+
34. Kd3 Rxe2 35. Kxe2 Kxd4 36. Kf3 b5 37. h4 c5 38. bxc5 b4 0-1

[Event "11th European Senior"]
[Site "Courmayeur ITA"]
[Date "2011.04.08"]
[Round "3.50"]
[White "Brugnolo, Paolo"]
[Black "De Polzer, Manfredi"]
[Result "0-1"]
[WhiteElo "1498"]
[BlackElo "1697"]
[WhiteFideId "834408"]
[BlackFideId "835277"]
[EventDate "2011.04.06"]

1. e4 c5 2. Nf3 d6 3. Bc4 e6 4. a3 Nc6 5. d3 a6 6. Nc3 Nf6 7. O-O Be7 8. Bf4 O-O
9. d4 cxd4 10. Nxd4 Nxe4 11. Nxc6 bxc6 12. Ne2 d5 13. Bd3 Nf6 14. Be5 Bd6 15.
Bd4 e5 16. Bc3 e4 17. Ng3 exd3 18. Qxd3 Bxg3 19. fxg3 Ne4 20. Be5 Bb7 21. Rf4
Qb6+ 22. Kf1 a5 23. c4 Ba6 24. b3 Qxb3 25. Qxb3 Nd2+ 26. Kf2 Nxb3 27. Rg4 f6 28.
Re1 fxe5+ 29. Kg1 Bxc4 30. h3 Rae8 31. Rg5 e4 32. h4 e3 33. h5 e2 34. h6 g6 35.
Rg4 Rf1+ 0-1

[Event "11th European Senior"]
[Site "Courmayeur ITA"]
[Date "2011.04.09"]
[Round "4.3"]
[White "Kupreichik, Viktor D"]
[Black "Rooze, Jan"]
[Result "1-0"]
[WhiteTitle "GM"]
[BlackTitle "FM"]
[WhiteElo "2431"]
[BlackElo "2315"]
[WhiteFideId "13500066"]
[BlackFideId "200050"]
[EventDate "2011.04.06"]

1. e4 c5 2. Ne2 e6 3. Nbc3 a6 4. d4 cxd4 5. Nxd4 Qc7 6. Bd3 Nf6 7. Qe2 d6 8. g4
Nc6 9. Nxc6 bxc6 10. g5 Nd7 11. h4 e5 12. Be3 Qa5 13. O-O-O Nc5 14. Bc4 Rb8 15.
f4 exf4 16. Bxf4 Qb4 17. Bb3 Be6 18. Qh2 Nxb3+ 19. axb3 Rd8 20. Rd3 Bg4 21. Rg1
Bh5 22. Rg2 Be7 23. Rgd2 O-O 24. Bxd6 Bxd6 25. Rxd6 Rc8 26. Qf2 c5 27. Qf5 Qa5
28. Kb1 Bg6 29. Qg4 c4 30. R2d5 Rc5 31. h5 cxb3 32. hxg6 fxg6 33. cxb3 Rf1+ 34.
Rd1 1-0

[Event "11th European Senior"]
[Site "Courmayeur ITA"]
[Date "2011.04.09"]
[Round "4.5"]
[White "Cebalo, Miso"]
[Black "Fatalibekova, Elena"]
[Result "1-0"]
[WhiteTitle "GM"]
[BlackTitle "WGM"]
[WhiteElo "2486"]
[BlackElo "2282"]
[WhiteFideId "14500094"]
[BlackFideId "4106792"]
[EventDate "2011.04.06"]

1. c4 Nf6 2. g3 e6 3. Bg2 d5 4. Nf3 dxc4 5. O-O a6 6. Na3 Bxa3 7. bxa3 Nbd7 8.
Bb2 c6 9. a4 O-O 10. Qc2 b5 11. Nd4 Qb6 12. d3 Bb7 13. dxc4 b4 14. a5 Qxa5 15.
a3 Qc7 16. c5 a5 17. axb4 axb4 18. Qc4 Nd5 19. e4 Ne7 20. Qxb4 e5 21. Nb3 Ba6
22. Rfd1 Be2 23. Rd2 Bg4 24. Qc3 Rxa1+ 25. Bxa1 Be6 26. Bf1 Bxb3 27. Qxb3 Nxc5
28. Qc2 Ne6 29. Bc4 Qa7 30. Bxe5 c5 31. Bxe6 fxe6 32. Qc4 Qb6 33. Bd6 Kf7 34.
Bxc5 Rc8 35. Rc2 Qc6 36. Rc3 Rc7 37. Qe2 Qa4 38. Kg2 Ng6 39. h4 Qa1 40. Qf3+ Ke8
41. Ra3 Qf6 42. Ra8+ Kf7 43. Bd6 Qxf3+ 44. Kxf3 Rd7 45. e5 Ne7 46. h5 h6 47. Kg4
g6 48. hxg6+ Kxg6 49. Bxe7 Rxe7 50. Rf8 Kg7 51. Rf6 1-0

[Event "11th European Senior"]
[Site "Courmayeur ITA"]
[Date "2011.04.09"]
[Round "4.6"]
[White "Gruzmann, Boris"]
[Black "Suba, Mihai"]
[Result "1/2-1/2"]
[WhiteTitle "FM"]
[BlackTitle "GM"]
[WhiteElo "2281"]
[BlackElo "2465"]
[WhiteFideId "4105290"]
[BlackFideId "1203363"]
[EventDate "2011.04.06"]

1. e4 c5 2. Nf3 d6 3. d4 Nf6 4. Nc3 cxd4 5. Nxd4 a6 6. Be2 e6 7. a4 Qc7 8. O-O
Be7 9. f4 O-O 10. Kh1 b6 11. Bf3 Bb7 12. e5 dxe5 13. fxe5 Nfd7 14. Bxb7 Qxb7 15.
Bf4 Nc6 16. Qf3 Rfc8 17. Rad1 Ra7 18. Qe2 Nf8 19. Nf3 Ng6 20. Bg3 Raa8 21. h4
Rd8 22. h5 Nf8 23. Ne4 Rxd1 24. Rxd1 h6 25. c3 b5 26. axb5 axb5 27. Kh2 Ra4 28.
b4 Ra3 29. Nd4 Nxd4 30. Rxd4 Qc6 31. Qg4 Nh7 32. Bh4 Bxh4 33. Qxh4 Ra8 34. Rd8+
Nf8 35. Nc5 Rc8 36. Qe7 Rxd8 37. Qxd8 g6 38. Qd6 Qa8 39. hxg6 Nxg6 40. Nd7 Kg7
41. Nf6 Qc8 42. Nh5+ Kh7 43. Nf6+ Kg7 44. Nh5+ 1/2-1/2

[Event "11th European Senior"]
[Site "Courmayeur ITA"]
[Date "2011.04.09"]
[Round "4.7"]
[White "Strutinskaya, Galina N"]
[Black "Chernikov, Oleg L"]
[Result "1-0"]
[WhiteTitle "WIM"]
[BlackTitle "GM"]
[WhiteElo "2269"]
[BlackElo "2438"]
[WhiteFideId "4108558"]
[BlackFideId "4103289"]
[EventDate "2011.04.06"]

1. d4 d5 2. c4 e6 3. Nf3 c6 4. Qc2 Bd6 5. Bg5 f6 6. Bd2 f5 7. g3 Nf6 8. Bg2 O-O
9. O-O Bd7 10. Ne5 Be8 11. Nd3 Nbd7 12. Bf4 Be7 13. Nd2 Ne4 14. Nf3 Rc8 15. Rad1
b6 16. b4 g5 17. Be5 g4 18. Nfe1 Nxe5 19. dxe5 Qc7 20. Nf4 Bf7 21. Ned3 Ng5 22.
Rc1 d4 23. c5 b5 24. a4 a6 25. Ra1 Ne4 26. Rfe1 Rfd8 27. f3 gxf3 28. Bxf3 Bf8
29. e3 Bg7 30. exd4 Rxd4 31. axb5 axb5 32. Ra3 Rcd8 33. Qa2 Qe7 34. Ra7 R4d7 35.
Rxd7 Qxd7 36. Kg2 Ng5 37. Bd1 Qb7 38. Bb3 Ra8 39. Qb2 Qd7 40. Rd1 Qe8 41. Nf2
Rd8 42. Rxd8 Qxd8 43. h4 Ne4 44. N2d3 Bh6 45. Qa2 Nc3 46. Qf2 Nd5 47. Bxd5 cxd5
48. Qa2 Bxf4 49. Nxf4 d4 50. Kf2 Qb8 51. Qe2 Kf8 52. Nd3 Qb7 53. Qf3 Qe4 54. c6
Ke7 55. c7 Qxf3+ 56. Kxf3 Kd7 57. Nf4 Kxc7 58. Ke2 Kc6 59. Kd3 Kb6 60. Kxd4 Kc6
61. Ke3 h6 62. Kf3 Kc7 63. Ng2 Kc6 64. Ne3 Bg8 65. g4 fxg4+ 66. Nxg4 Bh7 67. Kf4
Bb1 68. Nf6 Bc2 69. Ke3 Bf5 70. Kd4 Kb6 71. Ng8 h5 72. Ke3 Kc6 73. Nf6 Bg6 74.
Kf4 Bc2 75. Kg5 Bd1 76. Kg6 Bf3 77. Kf7 Bg4 78. Ke7 Bf5 79. Nxh5 Kd5 80. Kf6 Kc4
81. Ng7 Bd3 82. Nxe6 Kxb4 83. Nd4 Kc5 84. e6 Kd6 85. e7 Kd7 86. Ne6 Bg6 87. Nf8+ 1-0

[Event "11th European Senior"]
[Site "Courmayeur ITA"]
[Date "2011.04.09"]
[Round "4.9"]
[White "Kratschmer, Heinz"]
[Black "Werner, Clemens"]
[Result "0-1"]
[BlackTitle "FM"]
[WhiteElo "2161"]
[BlackElo "2353"]
[WhiteFideId "1606670"]
[BlackFideId "4604636"]
[EventDate "2011.04.06"]

1. d4 Nf6 2. Nf3 d5 3. e3 c6 4. c4 Bf5 5. Qb3 Qb6 6. c5 Qc7 7. Bd3 Bxd3 8. Qxd3
Nbd7 9. Nc3 e5 10. Nxe5 Nxe5 11. dxe5 Qxe5 12. Qd4 Nd7 13. Na4 b5 14. cxb6 axb6
15. Nc3 Bd6 16. f4 Qxd4 17. exd4 f5 18. O-O Nf6 19. Be3 Kd7 20. a4 Rhe8 21. Rae1
Bb4 22. Bd2 Bxc3 23. Bxc3 Rxa4 24. Ra1 Rea8 25. b3 Ra3 26. Bb2 Ra2 27. b4 Ne4
28. Rfd1 Kc7 29. h3 Kb7 30. Rxa2 Rxa2 31. Ba1 h5 32. Rc1 Ka6 33. Bc3 Ng3 0-1

[Event "11th European Senior"]
[Site "Courmayeur ITA"]
[Date "2011.04.09"]
[Round "4.10"]
[White "Colombo, Paolo"]
[Black "Tseitlin, Mark D"]
[Result "0-1"]
[BlackTitle "GM"]
[WhiteElo "2130"]
[BlackElo "2420"]
[WhiteFideId "802379"]
[BlackFideId "2800128"]
[EventDate "2011.04.06"]

1. e4 c5 2. Nf3 d6 3. Be2 Nf6 4. d3 g6 5. O-O Bg7 6. c3 b6 7. Qc2 Bb7 8. Bg5 O-O
9. Nbd2 Qc7 10. Rfe1 Nbd7 11. Bf1 e5 12. h3 h6 13. Bh4 Nh5 14. Be7 Rfe8 15. Bh4
d5 16. Nh2 f5 17. exf5 gxf5 18. g4 fxg4 19. Nxg4 Nf4 20. Bg3 Rf8 21. c4 d4 22.
Ne4 h5 23. Nh2 Ng6 24. h4 Qd8 25. Qd1 Nf4 26. Nf3 Nf6 27. Nfg5 Nxe4 28. Nxe4 Qe7
29. a3 Bc8 30. Kh2 Bg4 31. Qd2 Rf5 32. b4 Ng6 33. Ng5 Bh6 34. Bg2 Bxg5 35. hxg5
Raf8 36. Be4 h4 37. Bxf5 hxg3+ 38. fxg3 Rxf5 39. Kh1 0-1